000 00475nam a2200169Ia 4500
005 20250508151402.0
008 008 250505s9999 xx 000 0 eng d
037 _aTextual
040 _aFEDL
_beng
_cFEDL
041 _aeng
_2eng
084 _a372.6, GRE
_qFEDL
245 0 _aLanguage teaching in primary schools
260 _aLondon, UK
_bHis Majesty's Stationery Office
_c1945
300 _a49p
942 _cTEXL
_h372.6, GRE
999 _c1329442
_d1329442